FLUID MECHANICS AND HYDRAULICS (Record no. 33168)

000 -LEADER
fixed length control field 00280nam a22001217a 4500
082 ## - DEWEY DECIMAL CLASSIFICATION NUMBER
Classification number 620.106
100 ## - MAIN ENTRY--PERSONAL NAME
Personal name Giles, Ranald
245 ## - TITLE STATEMENT
Title FLUID MECHANICS AND HYDRAULICS
260 ## - PUBLICATION, DISTRIBUTION, ETC.
Place of publication, distribution, etc. New Dehli
Name of publisher, distributor, etc. Tata McGraw Hill
Date of publication, distribution, etc. 2011.
300 ## - PHYSICAL DESCRIPTION
Extent 362 p. ;
500 ## - GENERAL NOTE
General note Paperback.
942 ## - ADDED ENTRY ELEMENTS (KOHA)
Koha item type Book
Holdings
Withdrawn status Lost status Source of classification or shelving scheme Damaged status Not for loan Permanent Location Current Location Date acquired Total Checkouts Full call number Barcode Date last seen Price effective from Koha item type
          Central Library (CL) Central Library (CL) 01/01/2016   620.106 GIL SMME-2336 04/03/2018 01/01/2016 Book
© 2023 Central Library, National University of Sciences and Technology. All Rights Reserved.